Partizánske - Spoločenský dom

Zobrazenie: Pohľad na Spoločenský dom zľava. Vpravo v pozadí vidno susednú budovu internátov. Vpravo v popredí je kruhový kvetinový záhon uprostred s vysokou palmou. Vľavo pred obchodmi parkuje auto so stiahnutou strechou. Vľavo a vpravo od neho kráčajú dvaja ľudia. Vpravo na zábere, v pozdí vidno...

Full description

Bibliographic Details
Format: Postcard
Language:Slovak
PhysicalDescription:1 pohľadnica čiernobiela 11 x 15 cm
Published: [Bratislava] Tatran 1948
Subjects:

MARC

LEADER 00000ckm a2200000 a 4500
001 vtls011608866
003 SK-MaSNL
005 20260512130435.0
007 kp bo
008 240131s1948 xo g kuslo
015 |a SNBG1948 
035 |a urn:nbn:sk:snk-km00dtkh 
035 |a urn:nbn:sk:snk-km3lug0 
035 |a 3CADD4DE-5105-4E3B-AC59-11523A29F877 
040 |a SNK  |b slo  |c SNK  |e AACR2 
041 0 |a slo 
043 |a e-xo--- 
044 |a xo  |c SK 
072 7 |a 913  |x Regionálna geografia  |2 konspekt 
080 |a (084.121)  |2 2011 
080 |a 913(437.6)  |2 2011 
080 |a 725.835  |2 2001 
080 |a 725  |2 2011 
080 |a 728.4  |2 2011 
245 0 0 |a Partizánske - Spoločenský dom  |h grafika 
260 |a [Bratislava]  |b Tatran  |c 1948 
300 |a 1 pohľadnica  |b čiernobiela  |c 11 x 15 cm 
520 8 |a Zobrazenie: Pohľad na Spoločenský dom zľava. Vpravo v pozadí vidno susednú budovu internátov. Vpravo v popredí je kruhový kvetinový záhon uprostred s vysokou palmou. Vľavo pred obchodmi parkuje auto so stiahnutou strechou. Vľavo a vpravo od neho kráčajú dvaja ľudia. Vpravo na zábere, v pozdí vidno koňa zapriahnutého do koča 
650 0 7 |a spoločenské domy  |2 SNKPH  |9 106647 
650 0 7 |a obchody  |2 SNKPH  |9 3004 
650 0 7 |a internáty  |2 SNKPH  |9 30380 
651 7 |a Partizánske (Slovensko)  |2 SNKPHgeo  |9 51183 
655 7 |a miestne pohľadnice  |2 SNKPH  |9 70510 
852 |a Slovenská národná knižnica 
958 |a GBN 
958 |a GC 
958 |a OND 
958 |a EUIPO 
999 |c 1200413  |d 1202343 
952 |a SNK  |b SNK  |y PREZ  |7 0  |p 17A1222354  |o snkSP 19336  |z Pohľadnica prešla poštou.  |0 0  |1 0  |4 0  |d 2017-02-03  |f 1  |l 0  |r 2026-02-24 22:40:22  |w 2026-02-24